| 000 | 00563nam a2200205 i 4500 | ||
|---|---|---|---|
| 001 | 40873 | ||
| 003 | ES-MaACL | ||
| 005 | 20230906160329.0 | ||
| 007 | t| | ||
| 008 | 030307s1925 it ||||1| ita d | ||
| 100 | 1 |
_aCappelloni, G. _934900 |
|
| 245 | 1 | 0 |
_aTeleferiche _b: funicolari aeree e altri trasporti meccanici / _cG. Cappelloni. |
| 250 | _a3ยช ed. | ||
| 260 |
_aMilano : _bC. Sironi, _c1925. |
||
| 300 |
_aXVI, 510 p. ; _c15 cm. |
||
| 490 | 1 | _aManuali Hoepli | |
| 830 | 0 |
_aManuali Hoepli _9180782 |
|
| 852 |
_aES-MaACL _jF-4549 |
||
| 999 |
_c40873 _d40873 |
||